[Event "Solingen-ch 2014"]
[Site "Solingen"]
[Date "2014.10.24"]
[Round "4.5"]
[White "Boschek, Dr. Hans-Joachim"]
[Black "Wolff, Michael"]
[Result "0-1"]
[WhiteElo "1901"]
[BlackElo "1958"]
[PlyCount "40"]
[EventDate "2014.??.??"]
[EventType "swiss"]
[EventRounds "7"]
[EventCountry "GER"]
[WhiteTeam "SG Solingen"]
[BlackTeam "Ford SF Köln"]

1. c4 Nf6 2. g3 g6 3. Bg2 Bg7 4. Nc3 c6 5. e4 d6 6. Nge2 e5 7. d3 Na6 8. O-O
O-O 9. h3 Nc7 10. Be3 d5 11. cxd5 cxd5 12. d4 exd4 13. Nxd4 Nxe4 14. Nxe4 dxe4
15. Bxe4 Bxh3 16. Bxb7 Rb8 17. Bg2 Bxg2 18. Kxg2 Rxb2 19. Qa4 Nd5 20. Bc1 Rb4
0-1

[Event "Solingen-ch 2014"]
[Site "Solingen"]
[Date "2014.10.24"]
[Round "4.6"]
[White "Meckel, Helmut"]
[Black "Rosenauer, Horst"]
[Result "0-1"]
[WhiteElo "1832"]
[BlackElo "1951"]
[PlyCount "78"]
[EventDate "2014.??.??"]
[EventType "swiss"]
[EventRounds "7"]
[EventCountry "GER"]
[WhiteTeam "SG Solingen"]
[BlackTeam "Bergische SF"]

1. b4 e5 2. Bb2 d6 3. e3 Be6 4. c4 Nd7 5. Nc3 f5 6. Be2 Ngf6 7. Nh3 Nb6 8. d3
Be7 9. f4 Ng4 10. Bxg4 fxg4 11. Nf2 exf4 12. exf4 O-O 13. g3 Qd7 14. O-O Rae8
15. a4 Bf6 16. a5 Nc8 17. Na4 Bxb2 18. Nxb2 h5 19. Re1 Ne7 20. d4 Bf5 21. Re2
Ng6 22. Ra3 Rxe2 23. Qxe2 Re8 24. Re3 Rxe3 25. Qxe3 Kf8 26. b5 h4 27. d5 a6 28.
bxa6 bxa6 29. Nfd3 h3 30. Kf2 c5 31. Ke2 Qb7 32. Qd2 Qb3 33. Qd1 Bxd3+ 34. Nxd3
Qxc4 35. Qb1 Qe4+ 36. Kd2 Qxd5 37. Qb8+ Kf7 38. Qa7+ Ne7 39. Qxa6 c4 0-1

[Event "Solingen-ch 2014"]
[Site "Solingen"]
[Date "2014.10.24"]
[Round "4.7"]
[White "Möller, Laura"]
[Black "Kesseler, Heiko"]
[Result "0-1"]
[WhiteElo "1163"]
[BlackElo "1947"]
[PlyCount "102"]
[EventDate "2014.??.??"]
[EventType "swiss"]
[EventRounds "7"]
[EventCountry "GER"]
[WhiteTeam "SG Solingen"]
[BlackTeam "Elberfelder SG"]

1. c4 c5 2. Nc3 Nc6 3. g3 Nf6 4. Bg2 g6 5. Nf3 d5 6. cxd5 Nxd5 7. e3 Bg7 8. d4
Nxc3 9. bxc3 O-O 10. O-O Be6 11. Bb2 Bc4 12. Re1 Qb6 13. Nd2 Ba6 14. Nb3 c4 15.
Bxc6 cxb3 16. Bd5 bxa2 17. Rxa2 e6 18. Bb3 Rfc8 19. Ra4 Bb5 20. Ra2 a5 21. Ba1
Qc6 22. d5 exd5 23. Bxd5 Qc7 24. Qb3 Bc4 25. Qxc4 Qxc4 26. Bxc4 Rxc4 27. Ra3 a4
28. Rb1 Bf8 29. Ra2 Ra7 30. Rd2 Rc7 31. Rd8 f5 32. Rc1 b5 33. Rb8 Rab7 34. Rxb7
Rxb7 35. c4 b4 36. c5 Rc7 37. Bd4 a3 38. Rc4 b3 39. Rb4 Bxc5 40. Bxc5 Rxc5 41.
Rxb3 a2 42. Rb8+ Kg7 43. Ra8 Rc1+ 44. Kg2 a1=Q 45. Rxa1 Rxa1 46. Kh3 Kf6 47. g4
Rg1 48. f3 fxg4+ 49. fxg4 Re1 50. Kh4 g5+ 51. Kh5 Rh1 0-1

[Event "Solingen-ch 2014"]
[Site "Solingen"]
[Date "2014.10.24"]
[Round "4.8"]
[White "Mentzel, Markus"]
[Black "Nguyen, Gia Huy Philipp"]
[Result "1/2-1/2"]
[WhiteElo "1952"]
[BlackElo "1826"]
[PlyCount "95"]
[EventDate "2014.??.??"]
[EventType "swiss"]
[EventRounds "7"]
[EventCountry "GER"]
[WhiteTeam "SG Solingen"]
[BlackTeam "SG Solingen"]

1. c4 Nf6 2. Nc3 g6 3. e4 d6 4. d4 Bg7 5. Nf3 O-O 6. h3 Re8 7. Bd3 e5 8. d5
Nbd7 9. Bg5 h6 10. Be3 Nc5 11. g4 Nfd7 12. Bc2 a5 13. Qd2 Nb6 14. b3 a4 15. Rb1
Kh7 16. Qe2 Bd7 17. b4 Na6 18. c5 Nc8 19. O-O c6 20. Rfd1 dxc5 21. dxc6 bxc6
22. bxc5 Qc7 23. Nxa4 Be6 24. Nb6 Nxb6 25. Rxb6 Nb8 26. Bb3 Nd7 27. Bxe6 Rxe6
28. Ra6 Ree8 29. Rd6 Rxa6 30. Qxa6 Rc8 31. Rd3 Rb8 32. Qc4 Kg8 33. Rb3 Ra8 34.
a3 Ra5 35. Qc1 Kh7 36. Rc3 Bf8 37. Nd2 Qa7 38. Nc4 Ra4 39. Nb6 Rxe4 40. Qc2 f5
41. Nxd7 Qxd7 42. f3 Rxe3 43. Rxe3 Qd4 44. Qb3 Bxc5 45. Qf7+ Kh8 46. Qf6+ Kh7
47. Qf7+ Kh8 48. Qf6+ 1/2-1/2

[Event "Solingen-ch 2014"]
[Site "Solingen"]
[Date "2014.10.24"]
[Round "4.9"]
[White "Skiber, Friedel"]
[Black "Vranidis, Athanassios"]
[Result "1-0"]
[WhiteElo "1737"]
[BlackElo "1890"]
[PlyCount "37"]
[EventDate "2014.??.??"]
[EventType "swiss"]
[EventRounds "7"]
[EventCountry "GER"]
[WhiteTeam "SG Solingen"]
[BlackTeam "SG Solingen"]

1. e4 c5 2. Nc3 d6 3. f4 Nc6 4. Nf3 g6 5. Bc4 Bg7 6. O-O e6 7. d3 Nge7 8. Qe1
O-O 9. f5 exf5 10. Qh4 a6 11. Bh6 d5 12. exd5 Na5 13. Ng5 f6 14. d6+ Nxc4 15.
Qxc4+ Kh8 16. Bxg7+ Kxg7 17. dxe7 Qxe7 18. Rae1 Qd8 19. Ne6+ 1-0

[Event "Solingen-ch 2014"]
[Site "Solingen"]
[Date "2014.10.24"]
[Round "4.10"]
[White "Sherif, Amina"]
[Black "Ferger, Jürgen"]
[Result "1-0"]
[WhiteElo "1880"]
[BlackElo "1822"]
[PlyCount "125"]
[EventDate "2014.??.??"]
[EventType "swiss"]
[EventRounds "7"]
[EventCountry "GER"]
[WhiteTeam "SG Solingen"]
[BlackTeam "SG Solingen"]

1. e4 d6 2. Nc3 Nf6 3. f4 g6 4. Nf3 Bg7 5. d3 c5 6. g3 Bd7 7. Bg2 Bc6 8. O-O
O-O 9. h3 Nbd7 10. g4 e6 11. Qe1 Qc7 12. Nh4 Rfc8 13. g5 Ne8 14. f5 exf5 15.
exf5 Bxg2 16. Kxg2 Qc6+ 17. Kh2 Be5+ 18. Bf4 Ng7 19. Bxe5 Nxe5 20. Qf2 gxf5 21.
Nxf5 Nxf5 22. Qxf5 Qd7 23. Ne4 Qxf5 24. Rxf5 Rd8 25. Nxd6 Rxd6 26. Rxe5 c4 27.
Re7 cxd3 28. cxd3 Rxd3 29. Rxb7 Re8 30. Rg1 Re2+ 31. Rg2 Ree3 32. Rf2 Rxh3+ 33.
Kg2 Rdg3+ 34. Kf1 Rh1+ 35. Ke2 Rxg5 36. Rfxf7 a5 37. Rfc7 Re5+ 38. Kd2 Re8 39.
a3 Rh5 40. b4 Rd5+ 41. Kc3 h5 42. b5 h4 43. Rg7+ Kh8 44. Rh7+ Kg8 45. Rxh4 Rc8+
46. Rc4 Rcd8 47. a4 Re8 48. Ra7 Re3+ 49. Kc2 Re2+ 50. Kb3 Rd8 51. Rxa5 Kf7 52.
Ra6 Re1 53. Rc7+ Ke8 54. Kb4 Rb8 55. Ka5 Kd8 56. Rac6 Ra8+ 57. Kb6 Rxa4 58. Kb7
Rea1 59. b6 Ra6 60. Rh6 Rxb6+ 61. Rxb6 Ra7+ 62. Kxa7 Kxc7 63. Rb1 1-0

[Event "Solingen-ch 2014"]
[Site "Solingen"]
[Date "2014.10.24"]
[Round "4.11"]
[White "Porstmann, Jan"]
[Black "Kopernok, Ingo"]
[Result "1-0"]
[WhiteElo "1875"]
[BlackElo "1267"]
[PlyCount "79"]
[EventDate "2014.??.??"]
[EventType "swiss"]
[EventRounds "7"]
[EventCountry "GER"]
[WhiteTeam "SG Solingen"]
[BlackTeam "SG Solingen"]

1. e4 c6 2. d4 d5 3. Nc3 Nf6 4. e5 Ne4 5. Bd3 Bf5 6. Qf3 Nxc3 7. Qxf5 e6 8. Qg4
Nb5 9. Nf3 g6 10. O-O Be7 11. c3 a6 12. Re1 Nd7 13. Bh6 Qb6 14. Ng5 Nf8 15. Re3
Rg8 16. Rf3 O-O-O 17. Nxf7 Rd7 18. Rc1 Kb8 19. a4 Nc7 20. b4 a5 21. Rb1 axb4
22. cxb4 Bxb4 23. Nd6 Rd8 24. Bd2 Na6 25. Bxa6 Qxa6 26. Bxb4 Rd7 27. Rfb3 h5
28. Qd1 Nh7 29. Bc5 Rgg7 30. Qd2 Rxd6 31. Bxd6+ Kc8 32. Qb2 Ng5 33. Rb6 Qa7 34.
Bc5 Qa8 35. f3 Rf7 36. a5 Rc7 37. a6 Kd7 38. Rxb7 Qc8 39. Rxc7+ Qxc7 40. a7 1-0

[Event "Solingen-ch 2014"]
[Site "Solingen"]
[Date "2014.10.24"]
[Round "4.12"]
[White "Reif, Frank"]
[Black "Fränzel, Dr. Marius"]
[Result "1/2-1/2"]
[WhiteElo "1752"]
[BlackElo "1840"]
[PlyCount "123"]
[EventDate "2014.??.??"]
[EventType "swiss"]
[EventRounds "7"]
[EventCountry "GER"]

1. e4 e5 2. Nf3 Nc6 3. d4 exd4 4. Nxd4 Bc5 5. Nf5 d5 6. Nxg7+ Kf8 7. Nh5 Qh4 8.
Ng3 Nf6 9. Be2 Rg8 10. Be3 Bxe3 11. fxe3 Rxg3 12. O-O Ng4 13. Bxg4 Rxg4 14.
exd5 Ne5 15. Qe2 Bd7 16. Nc3 Re8 17. b3 Rg6 18. Rf4 Bg4 19. Qf1 Qh5 20. Kh1 Rg7
21. e4 Ng6 22. Rf2 Qe5 23. Qc4 a6 24. Raf1 Kg8 25. a4 Qe7 26. Rf6 Ne5 27. Qd4
Rg6 28. R6f2 Rd8 29. Qe3 Qg5 30. Qg3 Rdd6 31. h3 Bd7 32. Qf4 Qxf4 33. Rxf4 Kg7
34. Kh2 Rdf6 35. Ne2 c6 36. Ng3 Rxf4 37. Rxf4 cxd5 38. exd5 Rd6 39. c4 Rb6 40.
Re4 f6 41. Re3 Kg6 42. Ne4 Bf5 43. Nd2 Nd7 44. g4 Bc2 45. h4 Nc5 46. h5+ Kg5
47. Kg3 Bd1 48. a5 Rb4 49. d6 Bxg4 50. Re7 h6 51. Rg7+ Kf5 52. Rxg4 Ke6 53. Rg6
b6 54. axb6 Rxb6 55. Rxh6 Rxd6 56. Nf3 Nxb3 57. Rg6 Kf7 58. Ng5+ Kf8 59. Nh7+
Kf7 60. Ng5+ Kf8 61. Nh7+ Kf7 62. Ng5+ 1/2-1/2

[Event "Solingen-ch 2014"]
[Site "Solingen"]
[Date "2014.10.24"]
[Round "4.13"]
[White "Falge, Rainer"]
[Black "Kaiser, Stephan"]
[Result "0-1"]
[WhiteElo "1721"]
[BlackElo "1467"]
[PlyCount "68"]
[EventDate "2014.??.??"]
[EventType "swiss"]
[EventRounds "7"]
[EventCountry "GER"]
[WhiteTeam "SG Solingen"]
[BlackTeam "SG Solingen"]

1. e4 e5 2. Nf3 Nc6 3. Bc4 Bc5 4. c3 Nf6 5. d3 h6 6. O-O O-O 7. Be3 Bb6 8. a4
d6 9. b4 Bxe3 10. fxe3 Be6 11. Qb3 Qd7 12. Ra2 Rfe8 13. Re2 a6 14. Na3 Rad8 15.
Nd2 Ne7 16. d4 exd4 17. exd4 d5 18. exd5 Nexd5 19. Ne4 c6 20. Nc5 Qc7 21. h3
Re7 22. Rxe6 fxe6 23. Nxe6 Rxe6 24. Qc2 Rde8 25. Qd1 Kh8 26. Nb1 Re3 27. Bxd5
Nxd5 28. c4 Nf6 29. Qd2 Qg3 30. Rf2 Ne4 31. Rf3 Re1+ 32. Rf1 Nxd2 33. Nxd2 Qe3+
34. Kh2 Qxd2 0-1

[Event "Solingen-ch 2014"]
[Site "Solingen"]
[Date "2014.10.24"]
[Round "4.14"]
[White "Barche, Uwe"]
[Black "Müller, Ernst"]
[Result "0-1"]
[WhiteElo "1467"]
[BlackElo "1728"]
[PlyCount "80"]
[EventDate "2014.??.??"]
[EventType "swiss"]
[EventRounds "7"]
[EventCountry "GER"]
[WhiteTeam "SG Solingen"]
[BlackTeam "SG Solingen"]

1. c4 e5 2. g3 Nf6 3. Bg2 c6 4. Nc3 Be7 5. d4 Qc7 6. dxe5 Qxe5 7. Nf3 Qa5 8.
Bd2 Qd8 9. O-O d5 10. cxd5 Nxd5 11. a3 Be6 12. Qc1 Nd7 13. Ne4 h6 14. Nc3 Nc5
15. Qc2 Nf6 16. Be3 Bb3 17. Qd2 Qxd2 18. Nxd2 Be6 19. b4 Ncd7 20. b5 Nd5 21.
Bd4 O-O 22. Nde4 a6 23. bxc6 bxc6 24. e3 f5 25. Nd2 Rab8 26. Rfb1 Rxb1+ 27.
Ndxb1 Rb8 28. Nd2 N7f6 29. a4 c5 30. Nxd5 Nxd5 31. Be5 Rd8 32. Rc1 Nb4 33. Nc4
Nd3 34. Rc3 Bxc4 35. Rxc4 Nxe5 36. Rc1 Rd2 37. Rb1 Kh7 38. h3 c4 39. g4 c3 40.
gxf5 c2 0-1

[Event "Solingen-ch 2014"]
[Site "Solingen"]
[Date "2014.10.24"]
[Round "4.15"]
[White "Schubert, Florian"]
[Black "Bauer, Matthias"]
[Result "0-1"]
[WhiteElo "971"]
[BlackElo "1692"]
[PlyCount "74"]
[EventDate "2014.??.??"]
[EventType "swiss"]
[EventRounds "7"]
[EventCountry "GER"]
[WhiteTeam "SG Solingen"]
[BlackTeam "SV Günnigfeld"]

1. e4 e5 2. Nf3 Nc6 3. Bb5 d6 4. O-O Bd7 5. Nc3 a6 6. Bc4 h6 7. h3 Nf6 8. b3
Be7 9. a4 Qc8 10. Ba3 O-O 11. Bd5 Nd8 12. d4 exd4 13. Nxd4 Nxd5 14. Nxd5 Re8
15. Re1 Ne6 16. e5 Nxd4 17. exd6 Bxd6 18. Bxd6 Rxe1+ 19. Qxe1 Kh8 20. Qd1 Nxc2
21. Qxc2 cxd6 22. Qxc8+ Rxc8 23. Re1 Be6 24. Rd1 Bxd5 25. Rxd5 Rc3 26. Rxd6
Rxb3 27. Rd7 Rb1+ 28. Kh2 f6 29. Rd8+ Kh7 30. Kg3 a5 31. Rd5 b6 32. Rf5 Rb4 33.
Rf4 Kg6 34. f3 Kf7 35. h4 Ke6 36. Rg4 Rxg4+ 37. fxg4 b5 0-1

[Event "Solingen-ch 2014"]
[Site "Solingen"]
[Date "2014.10.24"]
[Round "4.16"]
[White "Nink, Niklas"]
[Black "Alexopoulos, Dr. Spiros"]
[Result "0-1"]
[WhiteElo "1712"]
[BlackElo "1745"]
[PlyCount "96"]
[EventDate "2014.??.??"]
[EventType "swiss"]
[EventRounds "7"]
[EventCountry "GER"]
[WhiteTeam "SG Solingen"]
[BlackTeam "Aachener SV"]

1. e4 c5 2. Nf3 e6 3. d4 cxd4 4. Nxd4 Nf6 5. Nc3 Bb4 6. e5 Nd5 7. Bd2 Nxc3 8.
bxc3 Be7 9. Bd3 Nc6 10. f4 Bc5 11. Be3 Qh4+ 12. g3 Qh3 13. Qf3 Nxd4 14. Bxd4
Bxd4 15. cxd4 Rb8 16. Bf1 Qh6 17. Bg2 Qg6 18. Qe4 b5 19. O-O Bb7 20. Qxg6 hxg6
21. h4 Ke7 22. Rab1 Bxg2 23. Kxg2 Rhc8 24. Rb2 Rc4 25. Rd1 a6 26. Kf2 Rbc8 27.
Rd2 Rc3 28. a3 Rxa3 29. Rd3 Rxd3 30. cxd3 d5 31. Ra2 Rc6 32. g4 Kd7 33. Ke3 Kc7
34. h5 b4 35. Kd2 Kb6 36. hxg6 fxg6 37. Ra1 a5 38. f5 exf5 39. gxf5 gxf5 40.
Re1 Kc7 41. e6 Kd8 42. e7+ Ke8 43. Re5 Rd6 44. Kc2 a4 45. Kb2 g6 46. Re1 f4 47.
Kc2 f3 48. Rf1 Rf6 0-1

[Event "Solingen-ch 2014"]
[Site "Solingen"]
[Date "2014.10.24"]
[Round "4.17"]
[White "Barche, Robert"]
[Black "Sherif, Malik"]
[Result "0-1"]
[WhiteElo "1350"]
[BlackElo "1454"]
[PlyCount "76"]
[EventDate "2014.??.??"]
[EventType "swiss"]
[EventRounds "7"]
[EventCountry "GER"]
[WhiteTeam "SG Solingen"]
[BlackTeam "SG Solingen"]

1. c4 c5 2. g3 Nc6 3. Bg2 g6 4. Nc3 Bg7 5. e4 d6 6. Nge2 e6 7. d3 Nge7 8. O-O
a6 9. Bg5 h6 10. Be3 Nd4 11. Rb1 Nec6 12. a3 Qc7 13. b4 b6 14. b5 Nxe2+ 15.
Qxe2 Bxc3 16. bxc6 Qxc6 17. Rb3 Bg7 18. e5 d5 19. cxd5 exd5 20. d4 c4 21. Rc3
Bf5 22. Re1 Bd3 23. Qf3 Be4 24. Qg4 Bxg2 25. Kxg2 Qe6 26. Qd1 b5 27. f4 Bf8 28.
Qb1 Rb8 29. Bd2 a5 30. Rce3 b4 31. Qb2 Rb6 32. axb4 axb4 33. Ra1 Qc6 34. Qc1
Be7 35. Rb1 O-O 36. Qe1 Rfb8 37. Re2 c3 38. Be3 b3 0-1

[Event "Solingen-ch 2014"]
[Site "Solingen"]
[Date "2014.10.24"]
[Round "4.18"]
[White "Ehringfeld, Michael"]
[Black "Littek, Oliver"]
[Result "1-0"]
[WhiteElo "1428"]
[BlackElo "972"]
[PlyCount "101"]
[EventDate "2014.??.??"]
[EventType "swiss"]
[EventRounds "7"]
[EventCountry "GER"]
[WhiteTeam "SG Solingen"]
[BlackTeam "SG Solingen"]

1. d4 d5 2. Nf3 Nf6 3. Bg5 Bf5 4. e3 Nc6 5. a3 e6 6. Bd3 Bxd3 7. Qxd3 Be7 8.
Nbd2 O-O 9. O-O Ng4 10. Bxe7 Qxe7 11. h3 Nf6 12. c4 Rad8 13. Rac1 e5 14. dxe5
Nxe5 15. Nxe5 Qxe5 16. Qb3 dxc4 17. Nxc4 Qe6 18. Qxb7 Rd7 19. Qxa7 Ne4 20. Qa4
Rd5 21. Qc2 Rg5 22. f4 Rc5 23. Qd3 h6 24. Ne5 Rxc1 25. Rxc1 Nf6 26. Rxc7 Qa2
27. b4 Nh5 28. Rc2 Qe6 29. Qd1 Ng3 30. Qf3 Nf5 31. Qc6 Qxc6 32. Rxc6 Nxe3 33.
Kf2 Nd5 34. g3 Ra8 35. Nc4 Ne7 36. Rc7 Nd5 37. Rc5 Nc3 38. Ke3 Nb1 39. Ra5 Re8+
40. Kf3 Nc3 41. b5 Rd8 42. b6 Rb8 43. Ra7 Nb5 44. Ra6 Nd4+ 45. Ke4 Ne6 46. Ra7
Nc5+ 47. Kd5 Nd7 48. Kc6 Nf6 49. b7 Ne4 50. Ra8 Rxa8 51. bxa8=Q+ 1-0

[Event "Solingen-ch 2014"]
[Site "Solingen"]
[Date "2014.10.24"]
[Round "4.19"]
[White "Schubert, Stefan"]
[Black "Mix, Lothar"]
[Result "0-1"]
[WhiteElo "1185"]
[BlackElo "1293"]
[PlyCount "74"]
[EventDate "2014.??.??"]
[EventType "swiss"]
[EventRounds "7"]
[EventCountry "GER"]
[WhiteTeam "SG Solingen"]
[BlackTeam "SG Solingen"]

1. c4 e5 2. g3 Nf6 3. Bg2 Bc5 4. e3 Nc6 5. d3 O-O 6. Ne2 d5 7. cxd5 Nxd5 8. e4
Ndb4 9. O-O Nxd3 10. Nbc3 Bg4 11. Qd2 Nxc1 12. Qxc1 Bd4 13. h3 Be6 14. Nd5 f5
15. Nxd4 Nxd4 16. Nc3 fxe4 17. Kh2 Nf3+ 18. Bxf3 exf3 19. Qc2 Qf6 20. Qe4 Bf5
21. Qxf3 Qe6 22. g4 Bg6 23. Qd5 Bf7 24. Qxe6 Bxe6 25. Nb5 Bc4 26. Nxc7 Rac8 27.
Ne6 Bxe6 28. Kg3 Rc2 29. Rae1 Bc4 30. Rg1 Rxb2 31. Rxe5 Rxa2 32. Rc1 b5 33. Rf5
a5 34. Rc3 Rxf5 35. gxf5 a4 36. h4 Rb2 37. h5 Rb3 0-1

[Event "Solingen-ch 2014"]
[Site "Solingen"]
[Date "2014.11.07"]
[Round "5.1"]
[White "Kniest, Oliver"]
[Black "Görke, Joachim"]
[Result "1/2-1/2"]
[WhiteElo "2302"]
[BlackElo "2090"]
[PlyCount "77"]
[EventDate "2014.??.??"]
[WhiteTeam "SG Solingen"]
[BlackTeam "SG Solingen"]

1. d4 Nf6 2. c4 g6 3. Nc3 Bg7 4. e4 d6 5. f4 O-O 6. Nf3 c5 7. d5 e6 8. Be2 exd5
9. cxd5 Bg4 10. O-O Re8 11. h3 Bxf3 12. Bxf3 Nbd7 13. Re1 Qa5 14. Be3 b5 15. a3
Nb6 16. e5 Nc4 17. exf6 Nxe3 18. Rxe3 Rxe3 19. fxg7 Rae8 20. Qc2 Qb6 21. Ne4
Kxg7 22. Kh2 c4 23. a4 a6 24. axb5 axb5 25. Rd1 Rb3 26. f5 f6 27. Qc1 Rxf3 28.
gxf3 Rxe4 29. fxe4 Qf2+ 30. Kh1 Qf3+ 31. Kh2 Qf2+ 32. Kh1 Qf3+ 33. Kg1 Qg3+ 34.
Kf1 Qf3+ 35. Ke1 Qg3+ 36. Ke2 Qg2+ 37. Ke3 Qg3+ 38. Kd4 Qe5+ 39. Ke3 1/2-1/2

[Event "Solingen-ch 2014"]
[Site "Solingen"]
[Date "2014.11.07"]
[Round "5.2"]
[White "Zolfagharian, Kevin"]
[Black "Peschel, Andreas"]
[Result "1/2-1/2"]
[WhiteElo "2110"]
[BlackElo "2117"]
[PlyCount "91"]
[EventDate "2014.??.??"]
[WhiteTeam "SG Solingen"]
[BlackTeam "SG Solingen"]

1. e4 g6 2. d4 Bg7 3. Nc3 c6 4. Nf3 d5 5. e5 Bg4 6. Bf4 f6 7. Qd2 Nd7 8. exf6
exf6 9. O-O-O Ne7 10. Re1 O-O 11. Ng1 Nb6 12. f3 Bd7 13. g4 Re8 14. Nh3 Nec8
15. Bd3 a5 16. Nf2 Bf8 17. g5 f5 18. h4 Nd6 19. Nfd1 Rxe1 20. Qxe1 Be8 21. h5
Qd7 22. hxg6 Bxg6 23. Qh4 Nbc4 24. b3 Nb6 25. Ne3 a4 26. Qh2 axb3 27. cxb3 Nb5
28. Ng4 Bg7 29. Nxb5 cxb5 30. Ne5 Bxe5 31. Bxe5 Qc6+ 32. Kb1 Qc3 33. Rd1 Nc4
34. bxc4 bxc4 35. Qb2 Qxb2+ 36. Kxb2 cxd3 37. Rxd3 Be8 38. Re3 Bd7 39. Bf6 Re8
40. Rxe8+ Bxe8 41. Kc3 Kf7 42. Kb4 Ke6 43. a4 Kd6 44. a5 Kc6 45. Bd8 f4 46. Bf6
1/2-1/2

[Event "Solingen-ch 2014"]
[Site "Solingen"]
[Date "2014.11.07"]
[Round "5.4"]
[White "Rosenauer, Horst"]
[Black "Pentz, Jörg"]
[Result "0-1"]
[WhiteElo "1951"]
[BlackElo "1946"]
[PlyCount "44"]
[EventDate "2014.??.??"]
[WhiteTeam "Bergische SF"]
[BlackTeam "vereinslos"]

1. e4 c6 2. d4 d5 3. Nc3 dxe4 4. Nxe4 Bf5 5. Ng3 Bg6 6. h4 h6 7. h5 Bh7 8. Nf3
Nd7 9. Bd3 Bxd3 10. Qxd3 Qc7 11. Bd2 O-O-O 12. O-O-O Ngf6 13. Kb1 e5 14. Qf5
exd4 15. Nxd4 Bd6 16. Ba5 b6 17. Be1 Rhe8 18. Qf3 Ne5 19. Qb3 Bf8 {(=)} 20. f4
Neg4 21. Qf3 Re3 22. Qxc6 Qxc6 0-1

[Event "Solingen-ch 2014"]
[Site "Solingen"]
[Date "2014.11.07"]
[Round "5.5"]
[White "Speck, Stefan"]
[Black "Sherif, Amina"]
[Result "1/2-1/2"]
[WhiteElo "1981"]
[BlackElo "1880"]
[PlyCount "72"]
[EventDate "2014.??.??"]
[WhiteTeam "SC Solingen 28"]
[BlackTeam "SG Solingen"]

1. d4 d5 2. Nf3 Nf6 3. e3 c5 4. c3 e6 5. Bd3 Nc6 6. O-O Bd6 7. Nbd2 O-O 8. dxc5
Bxc5 9. Qc2 h6 10. e4 Qc7 11. exd5 Nxd5 12. Ne4 Be7 13. Re1 b6 14. Ng3 Bb7 15.
Nh5 Rfd8 16. Qe2 Qd7 17. Bb5 Nf6 18. Nxf6+ Bxf6 19. Bf4 Rac8 20. Rad1 Qe7 21.
Bd3 Nb8 22. h3 Nd7 23. Bc2 Nc5 24. Ne5 Bg5 25. Qe3 Bxf4 26. Qxf4 Qc7 27. Qe3
Bd5 28. c4 Bb7 29. b3 Nd7 30. Nxd7 Rxd7 31. Rxd7 Qxd7 32. Be4 Bxe4 33. Qxe4 Rd8
34. Re3 Qd1+ 35. Re1 Qd2 36. Re2 Qd1+ 1/2-1/2

[Event "Solingen-ch 2014"]
[Site "Solingen"]
[Date "2014.11.07"]
[Round "5.6"]
[White "Kaiser, Stephan"]
[Black "Grah, Ulrich"]
[Result "1-0"]
[WhiteElo "1467"]
[BlackElo "1979"]
[PlyCount "107"]
[EventDate "2014.??.??"]
[WhiteTeam "SG Solingen"]
[BlackTeam "SG Solingen"]

1. d4 Nf6 2. c4 g6 3. Nc3 Bg7 4. Nf3 O-O 5. e4 d6 6. Be2 Nbd7 7. O-O e5 8. Bg5
h6 9. Be3 Re8 10. Qc2 Ng4 11. Qd2 f5 12. exf5 gxf5 13. g3 c6 14. h3 Nxe3 15.
fxe3 Qf6 16. Nh4 Nf8 17. d5 Ng6 18. Ne4 Qd8 19. Nxf5 Bxf5 20. Rxf5 Ne7 21. Rf2
cxd5 22. cxd5 Kh8 23. Raf1 Rf8 24. Rxf8+ Bxf8 25. Bg4 Ng8 26. Qf2 Qe7 27. Be6
Bg7 28. Qf7 Rd8 29. Qxe7 Nxe7 30. Rf7 Ng6 31. Rxb7 a5 32. Ra7 Rf8 33. Kg2 h5
34. Nxd6 Bh6 35. Nf7+ Kg7 36. Nxh6+ Kxh6 37. Rf7 Rb8 38. b3 a4 39. d6 axb3 40.
Bxb3 Rd8 41. d7 e4 42. Rf6 Kg5 43. Rd6 Kf5 44. Bf7 Ne5 45. Be8 Nc4 46. Rc6 Ne5
47. Rc8 Nf7 48. Bxf7 Rxd7 49. Bxh5 Rd2+ 50. Kf1 Rxa2 51. Bg4+ Kg5 52. Rc4 Ra1+
53. Kf2 Ra2+ 54. Be2 1-0

[Event "Solingen-ch 2014"]
[Site "Solingen"]
[Date "2014.11.07"]
[Round "5.7"]
[White "Große-Hering, Peter"]
[Black "Porstmann, Jan"]
[Result "1-0"]
[WhiteElo "1936"]
[BlackElo "1875"]
[PlyCount "57"]
[EventDate "2014.??.??"]
[WhiteTeam "SV Horst-Emscher"]
[BlackTeam "SG Solingen"]

1. g3 d5 2. Bg2 c5 3. d3 Nc6 4. Nf3 e6 5. Nbd2 Nf6 6. O-O Bd6 7. e4 O-O 8. Re1
Qc7 9. Qe2 Nd7 10. c3 b6 11. Nh4 Nf6 12. f4 e5 13. exd5 exf4 14. dxc6 Bg4 15.
Qf1 Rae8 16. Ne4 Nxe4 17. Rxe4 f5 18. Rxe8 Rxe8 19. Bxf4 Re2 20. Re1 Rxb2 21.
Bd5+ Kf8 22. Re6 Bxf4 23. Qxf4 Rb1+ 24. Kf2 Rb2+ 25. Ke1 Rb1+ 26. Kd2 Qc8 27.
Nxf5 Rd1+ 28. Kc2 Qa6 29. Ne3+ 1-0

[Event "Solingen-ch 2014"]
[Site "Solingen"]
[Date "2014.11.07"]
[Round "5.8"]
[White "Fränzel, Dr. Marius"]
[Black "Skiber, Friedel"]
[Result "1-0"]
[WhiteElo "1840"]
[BlackElo "1737"]
[PlyCount "79"]
[EventDate "2014.??.??"]
[WhiteTeam "SG Solingen"]
[BlackTeam "SG Solingen"]

1. e4 e5 2. Nf3 Nc6 3. Bb5 a6 4. Ba4 f5 5. exf5 e4 6. Bxc6 dxc6 7. Qe2 Qe7 8.
Nd4 Nf6 9. Qc4 Bd7 10. Ne6 Qd6 11. Nc3 b5 12. Qe2 Bxe6 13. fxe6 Qxe6 14. a3 Bd6
15. d3 O-O 16. dxe4 Rae8 17. f3 c5 18. O-O c6 19. Qd1 Nh5 20. Ne2 Rf6 21. Qe1
Ref8 22. Qh4 Qf7 23. Be3 Qg6 24. Qh3 Nf4 25. Nxf4 Bxf4 26. Bxc5 Re8 27. Rad1
Qg5 28. b4 Rh6 29. Qg4 Bxh2+ 30. Kf2 Qe5 31. Bd4 Qc7 32. Rh1 Rg6 33. Qh3 Rh6
34. Qf5 Qg3+ 35. Kf1 Qd6 36. Rd3 Rf8 37. Bc5 Rxf5 38. Bxd6 Rxf3+ 39. gxf3 Rxd6
40. Rxh2 1-0

[Event "Solingen-ch 2014"]
[Site "Solingen"]
[Date "2014.11.07"]
[Round "5.9"]
[White "Alexopoulos, Dr. Spiros"]
[Black "Mentzel, Markus"]
[Result "1/2-1/2"]
[WhiteElo "1745"]
[BlackElo "1952"]
[PlyCount "38"]
[EventDate "2014.??.??"]
[WhiteTeam "Aachener SV"]
[BlackTeam "SG Solingen"]

1. c4 e6 2. e4 d5 3. cxd5 exd5 4. exd5 Nf6 5. Nc3 Nxd5 6. g3 Be7 7. Bg2 Nxc3 8.
bxc3 O-O 9. Ne2 Nc6 10. O-O Bg4 11. d4 Qd7 12. Re1 Na5 13. Qc2 Bf5 14. Be4 Bxe4
15. Qxe4 Rfe8 16. Bf4 c6 17. Qf3 Nc4 18. Nc1 Bf8 19. Nd3 f6 1/2-1/2

[Event "Solingen-ch 2014"]
[Site "Solingen"]
[Date "2014.11.07"]
[Round "5.10"]
[White "Müller, Ernst"]
[Black "Boschek, Dr. Hans-Joachim"]
[Result "1-0"]
[WhiteElo "1728"]
[BlackElo "1901"]
[PlyCount "83"]
[EventDate "2014.??.??"]
[WhiteTeam "SG Solingen"]
[BlackTeam "SG Solingen"]

1. e4 c5 2. Nf3 e6 3. d4 cxd4 4. Nxd4 a6 5. c3 Qc7 6. Bd3 Nf6 7. Be3 d5 8. Nd2
Bd6 9. h3 Nc6 10. Rc1 O-O 11. O-O e5 12. N4b3 dxe4 13. Nxe4 Nxe4 14. Bxe4 Be6
15. Bb1 Qe7 16. Qc2 f5 17. f4 e4 18. Qf2 Rad8 19. Rfd1 Qf7 20. Bc2 Kh8 21. Rd2
Be7 22. Rcd1 Rxd2 23. Rxd2 Rd8 24. Kh2 h6 25. Rxd8+ Bxd8 26. Qd2 Bc7 27. g3 Kh7
28. Bd1 Bc4 29. Bc2 b6 30. Qf2 b5 31. Nc5 Bxa2 32. Nxe4 Na5 33. Nc5 Bd5 34.
Nxa6 Bd6 35. b4 Nc4 36. Bd4 Bb7 37. Nc5 Bxc5 38. Bxc5 Qd5 39. g4 g6 40. gxf5
gxf5 41. Bd4 Nd2 42. Qxd2 1-0